Inefficient Corporate Taxation and Hidden Taxes in Slovakia

Relevantné makroekonomické kritérium pre zdaňovanie korporátneho zisku. Daňové bremeno a daňová incidencia. Daň zo zisku korporácie ako súčasť štátneho rozpočtu. Vývoj príjmu z dane zo zisku korporácie na Slovensku 1995-2012.

Gespeichert in:
Bibliographische Detailangaben
1. Verfasser: Geško, Martin
Format: Buchkapitel
Sprache:Englisch
Schlagworte:
Tags: Tag hinzufügen
Keine Tags, Fügen Sie das erste Tag hinzu!

MARC

LEADER 00000naa$a2200000$$$4500
001 0195588
005 20240502083455.9
041 0 |a eng 
044 |a BG 
245 1 0 |a Inefficient Corporate Taxation and Hidden Taxes in Slovakia  |c Martin Geško 
520 |a Relevantné makroekonomické kritérium pre zdaňovanie korporátneho zisku. Daňové bremeno a daňová incidencia. Daň zo zisku korporácie ako súčasť štátneho rozpočtu. Vývoj príjmu z dane zo zisku korporácie na Slovensku 1995-2012. 
610 2 0 |a dane korporatívne 
610 2 0 |a zdaňovanie 
610 2 0 |a zaťaženie daňové 
100 1 |a Geško, Martin